El problema de la guerra y las vías de la paz
Guardat en:
| Autor principal: | |
|---|---|
| Format: | Llibre |
| Idioma: | espanyol |
| Publicat: |
Barcelona
Gedisa
1982
|
| Edició: | 1a. ed |
| Col·lecció: | Hombre y Sociedad, 6
|
| Matèries: | |
| Etiquetes: |
Afegir etiqueta
Sense etiquetes, Sigues el primer a etiquetar aquest registre!
|
MARC
| LEADER | 00000cam a2200000 a 4500 | ||
|---|---|---|---|
| 001 | UCS8776 | ||
| 003 | CL-VaPUC | ||
| 008 | 971107e19820000SP |||||||||||||||||spa|d | ||
| 020 | |a 9788474321357 | ||
| 082 | 0 | 4 | |a 303.66 |b BOB |2 21 |
| 100 | |a Bobbio, Norberto |e autor |9 257371 | ||
| 245 | 1 | 3 | |a El problema de la guerra y las vías de la paz |
| 250 | |a 1a. ed | ||
| 300 | |a 204 p | ||
| 942 | |c BK | ||
| 945 | |d 19971107 00:00:00 |a aolguin | ||
| 260 | |a Barcelona |b Gedisa |c 1982 | ||
| 650 | 0 | |a Guerra |9 255876 | |
| 650 | 0 | |a Paz |9 259242 | |
| 650 | 7 | |a DERECHO DE GUERRA |2 CL-VaPUC |9 393230 | |
| 650 | 7 | |a DERECHOS DEL HOMBRE |2 CL-VaPUC |9 391409 | |
| 650 | 7 | |a PACIFISMO |2 CL-VaPUC |9 319054 | |
| 650 | 0 | |a No violencia |9 348775 | |
| 583 | |a last modification |c 20120814 12:11:17 |k Rodrigo Vera | ||
| 490 | 0 | |a Hombre y Sociedad, 6 | |
| 999 | |c 262985 |d 262983 | ||
| 952 | |0 0 |1 0 |4 0 |6 303_660000000000000_BOB_1982 |7 0 |8 DER_TF |9 292057 |a BIBDER |b BIBDER |d 2019-11-19 |i 1897802 |l 1 |o 303.66 BOB 1982 |p 1897802 |r 2023-01-25 |s 2020-03-17 |w 2019-11-19 |x Ubicación 4to Piso |y BK |z Estos recursos deben solicitarse con anticipación |k DER | ||
| 952 | |0 0 |1 0 |4 0 |6 303_660000000000000_BOB_1982 |7 0 |8 A |9 292058 |a BIBGIM |b BIBGIM |d 2019-11-19 |i 4894251 |l 3 |o 303.66 BOB 1982 |p 4894251 |r 2025-01-15 |s 2022-04-27 |w 2019-11-19 |y BK |k SSL | ||
| 952 | |0 0 |1 0 |3 erb |4 0 |6 303_660000000000000_BOB_1982 |7 0 |8 A |9 292059 |a FDOHBE |b FDOHBE |e Huesbe Llanos, Marco Antonio, 1934- |i 533098K |o 303.66 BOB 1982 |p 533098K |r 2024-01-30 |w 2019-11-19 |y BK |z Catalogado en:20160616 |k HBE | ||